Responses for show #5442 - Tuesday, April 15, 2008

Contestants

Chris Zane, a benefits administrator from Westminster, Maryland

Bethany Grenald, a rare books cataloguer from Elkins Park, Pennsylvania

Drew Beechum, a computer programmer from Valley Village, California (whose 1-day cash winnings total $18,801)

Jeopardy! Round responses

LANDMARKS
ICE CREAM
NONFICTION
WORDS IN AMERICA
(Alex: Each correct response will be a short word, but those letters can be found in the word "America".)
APRIL 15: DAY OF DOOM
PAY UP!
    $200 1
the Kremlin

Drew
    $200 6
Dairy Queen

Drew
    $200 20
Frank Sinatra

Bethany
    $200 26
cram

Bethany
    $200 16
the sinking of the Titanic

Chris
    $200 11
a copay

Bethany
    $400 2
Hoover Dam

Drew
    $400 7
Cherry Garcia

Drew
    $400 21
Lance Armstrong

Bethany
    $400 27
rice

Bethany
    $400 17
(Bethany: What is the Netherlands?)

Belgium

Bethany
Triple Stumper
    $400 12
time-and-a-half

Chris
    $600 3
Big Ben

Chris
    $600 8
Häagen-Dazs

Drew
    $600 22
Charles Schulz

Chris
    $600 28
camera

Bethany
    $600 18
the Hundred Years' War

Drew
    $600 13
a finder's fee

Drew
    $800 4
(Bethany: What is Constantinople?)

Jerusalem

BethanyChris
    $800 9
gelato

Bethany
    $800 23
John Krakauer

Triple Stumper
    $800 29
a ream

Chris
    $800 19
the hajj

Bethany
    $800 14
piecework

Chris
    $1,400 5
the Sydney Opera Theater

Chris
    $1000 10
Baked Alaska

Chris
    $1000 25
(Chris: Who is Joel Osteen?)

Rick Warren

Chris
Triple Stumper
    $1000 30
area

Chris
    $1000 24
Sacco & Vanzetti

Bethany
    $1000 15
vigorish

Drew

Scores at the first commercial break (after clue 15):

Drew Bethany Chris
$3,400 $200 $5,000

Scores at the end of the Jeopardy! Round:

Drew Bethany Chris
$4,000 $3,400 $6,600

Double Jeopardy! Round responses

ASTRONOMY
ENTERTAINMENT AWARDS
THE COLORS IN THE NATIONAL FLAG
NEWSPAPERS
"EX"TRA!
REED: ALL ABOUT IT
    $400 13
zodiac

Drew
    $400 2
Cannes

Chris
    $400 26
red & white

Drew
    $400 9
The Inquirer

Chris
    $400 1
an exit poll

Chris
    $400 18
(Chris: What is the saxophone?)

Paris

BethanyChris
    $800 14
galaxies

Bethany
    $800 3
Cars

Bethany
    $800 27
blue & white

Bethany
    $800 12
The Washington Post

Bethany
    $800 4
an external combustion engine

Drew
    $800 19
(Drew: What is the oboe?)

the bassoon

DrewBethany
    $1200 15
the polar ice caps

Drew
    $2,000 8
(Bethany: [No response])

Carlos Santana

Bethany
    $1200 23
(Drew: What is the
World Weekly News?)

the Weekly World News

DrewBethany
    $1200 5
ex post facto

Bethany
    $1200 20
the alto sax

Bethany
    $1600 16
(Bethany: What is the... green flash?)

aurora australis (the southern lights)

DrewBethany
    $1600 10
(Chris: What is Curb Your Enthusiasm?)
(Drew: Uh, what is The Garry Shandling Show?)

The Larry Sanders Show

DrewChris
Triple Stumper
    $1600 24
Dallas

Chris
    $1600 6
extreme

Bethany
    $1600 21
the oboe

Bethany
    $3,000 17
(Drew: Who is Ariel?)

Puck

Drew
    $2000 11
Hairspray

Bethany
    $2000 25
(Drew: What's Pravda?)

The Wall Street Journal

DrewChris
    $2000 7
an exothermic reaction

Bethany
    $2000 22
klezmer

Bethany

Scores at the end of the Double Jeopardy! Round:

Drew Bethany Chris
-$200 $17,000 $9,400

[wagering suggestions for these scores]

Final Jeopardy! Round responses

WORLD LEADERS
ChrisWho is Nelson Mandela?
$8,000
BethanyWho Horatio
$1,801
Nelson Mandela

Final scores:

Drew Bethany Chris
-$200 $15,199 $17,400
3rd place: $1,000 2nd place: $2,000 New champion: $17,400

Game dynamics:

Coryat scores:

Drew Bethany Chris
$2,800 $19,000 $9,000
13 R,
5 W
(including 1 DD)
23 R,
4 W
(including 1 DD)
15 R
(including 1 DD),
3 W

Combined Coryat: $30,800

The J! Archive is created by fans, for fans. The Jeopardy! game show and all elements thereof, including but not limited to copyright and trademark thereto, are the property of Jeopardy Productions, Inc. and are protected under law. This website is not affiliated with, sponsored by, or operated by Jeopardy Productions, Inc. Join the discussion at JBoard.tv.